000
00292nam a2200121Ia 4500
008
220204s9999 xx 000 0 und d
082
_a
581
_b
LEH
100
_a
LEHANE, Brendan
245
0
_a
Power of plants.
260
_a
London
_b
John Murray
_c
1977
650
_a
Plants evolution
942
_c
BK
999
_c
27636
_d
27636